Normal view
MARC view
- Art, Modern
Entry Topical Term
001 - CONTROL NUMBER
- control field: 35889
003 - CONTROL NUMBER IDENTIFIER
- control field: OSt
005 - DATE AND TIME OF LATEST TRANSACTION
- control field: 20140406110505.0
008 - FIXED-LENGTH DATA ELEMENTS
- fixed length control field: 140406|| aca||babn | a|a d
040 ## - CATALOGING SOURCE
- Original cataloging agency: OSt
150 #0 - HEADING--TOPICAL TERM
- Topical term or geographic name as entry element: Art, Modern